000 00610nam a2200217Ia 4500
003 OSt
005 20221007070224.0
006 a|||||r|||| 00| 0
007 ta
008 221006b |||||||| |||| 00| 0 eng d
024 _a18,680
037 _cReports / Technical Reports
040 _aFLL
_cFLL
_beng
041 _2eng
_aeng
082 _aZ1,2673p594,N68, K8
245 0 _aRecords of the locarno conference
260 _aGeneva
_bWIPO Switzerlands
_c1972
300 _a155p
_ccm.
942 _hZ1,2673p594,N68, K8
_cREP
_2CC
999 _c1139855
_d1139855